OPERATIONS on Continent: Telegrams exchanged with Marshal Stalin

Bibliographic Details
Corporate Author: Adam Matthew Digital (Firm) (digitiser.)
Format: eBook
Language:English
Published: Marlborough, Wiltshire : Adam Matthew Digital, 2020.
Series:AM Scholar: World War Two Studies.
Subjects:
Online Access:Connect to the full text of this electronic book
Connect to the full text of this electronic book

MARC

Tag First Indicator Second Indicator Subfields
LEADER 00000cam a2200000Mi 4500
001 in00005480039
006 m o u
007 cr |n|---uuuuu
008 200205s2020 enk o ||| 0 eng d
005 20240917163227.7
035 |a (OCoLC)on1143458338 
040 |a UKAMD  |b eng  |c UKAMD 
019 |a 1143473256 
035 |a (OCoLC)1143458338  |z (OCoLC)1143473256 
049 |a TXAM 
245 0 0 |a OPERATIONS on Continent: Telegrams exchanged with Marshal Stalin  |g 1943/01-1943/03. 
264 1 |a Marlborough, Wiltshire :  |b Adam Matthew Digital,  |c 2020. 
300 |a 1 online resource. 
336 |a text  |b txt  |2 rdacontent 
337 |a computer  |b c  |2 rdamedia 
338 |a online resource  |b cr  |2 rdacarrier 
490 1 |a AM Scholar: World War Two Studies. 
500 |a AMDigital Reference: PREM 3/333/3. 
534 |p Reproduction of:  |t OPERATIONS on Continent: Telegrams exchanged with Marshal Stalin  |c Jan - Mar 1943. 
535 1 |a The National Archives 
542 |f Crown Copyright. Material sourced from The National Archives 
588 0 |a Description based on online resource (viewed on February 5, 2020). 
655 7 |a Electronic books.  |2 local 
710 2 |a Adam Matthew Digital (Firm),  |e digitiser. 
830 0 |a AM Scholar: World War Two Studies. 
856 4 0 |u http://proxy.library.tamu.edu/login?url=https://www.amscholar.amdigital.co.uk/Documents/Details/CP_SERIES1_PREM3_PART8_REEL119_VOL3  |z Connect to the full text of this electronic book  |t 0 
856 4 0 |u http://proxy.library.tamu.edu/login?url=https://www.amscholar.amdigital.co.uk/Documents/Details/CP_SERIES1_PREM3_PART8_REEL119_VOL5  |z Connect to the full text of this electronic book  |t 0 
955 |a Adam Matthew Scholar World War Two Studies 
994 |a 92  |b TXA 
999 f f |s b02611e4-08b0-4530-865f-775ab5344d6d  |i c9ab0ec6-badd-40ae-87d9-9891bd3275e7  |t 0 
952 f f |a Texas A&M University  |b College Station  |c Electronic Resources  |d Available Online  |t 0  |h Library of Congress classification 
998 f f |t 0  |l Available Online